Statistics for Modern Countries with a Population over 5M Throughout History

Click here to take the quiz!

General Stats

  • This quiz has been taken 1,217 times
  • The average score is 253 of 288

Answers on the Map

Answers color-coded by a green-red scale on the quiz's map according to % correct below.
Loading ...
 

Answer Stats

YearPopulationAnswer% Correct
1884 AD23MUnited States
99%
1936 AD128MUnited States
99%
1800 AD5MUnited States
99%
1960 AD179MUnited States
99%
1 AD55MChina
98%
1800 AD295MChina
98%
1000 AD59MChina
98%
1158 AD65MChina
98%
1936 AD520MChina
98%
750 AD61MChina
98%
1960 AD650MChina
98%
1884 AD415MChina
98%
500 AD58MChina
98%
1300 AD73MChina
98%
1206 AD76MChina
98%
100 AD57MChina
98%
1776 AD210MChina
98%
1500 AD185M
China
98%
1500 AD9M
Italy
98%
1800 AD27MFrance
98%
1884 AD37MFrance
98%
1936 AD39MFrance
98%
1206 AD9MFrance
98%
1000 AD5MFrance
98%
1776 AD23MFrance
98%
1500 AD13MFrance
98%
750 AD5MFrance
98%
1960 AD46MFrance
98%
500 AD6MFrance
98%
100 AD5MFrance
98%
1300 AD14MFrance
98%
1158 AD6MFrance
98%
1206 AD9MGermany
98%
1936 AD42MGermany
98%
1500 AD12MGermany
98%
1300 AD12MGermany
98%
1800 AD21MGermany
98%
1158 AD6MGermany
98%
1960 AD72MGermany
98%
1776 AD18MGermany
98%
1884 AD34MGermany
98%
1158 AD80MIndia
98%
1960 AD500MIndia
98%
1 AD36MIndia
98%
1884 AD350MIndia
98%
100 AD39MIndia
98%
1500 AD170MIndia
98%
1206 AD83MIndia
98%
1300 AD88MIndia
98%
500 AD50MIndia
98%
1000 AD73MIndia
98%
1936 AD430MIndia
98%
1800 AD255MIndia
98%
1776 AD200MIndia
98%
750 AD56MIndia
98%
500 AD5MItaly
98%
1960 AD43MItaly
98%
1800 AD17MItaly
98%
1206 AD6MItaly
98%
100 AD8MItaly
98%
1 AD7MItaly
98%
1300 AD10MItaly
98%
1776 AD15MItaly
98%
1884 AD23MItaly
98%
1800 AD8MMexico
98%
1500 AD11MMexico
98%
1776 AD7MMexico
98%
1936 AD14MMexico
98%
1300 AD12MMexico
98%
1960 AD39MMexico
98%
1000 AD6MMexico
98%
1158 AD8MMexico
98%
1206 AD9MMexico
98%
1884 AD9MMexico
98%
1884 AD54MRussia
98%
1776 AD14MRussia
98%
1960 AD119MRussia
98%
1800 AD21MRussia
98%
1500 AD7MRussia
98%
1936 AD107MRussia
98%
1300 AD5MRussia
98%
1206 AD5MRussia
98%
1960 AD53MUnited Kingdom
98%
1936 AD49MUnited Kingdom
98%
1776 AD5MUnited Kingdom
98%
1800 AD12MUnited Kingdom
98%
1936 AD18MBrazil
97%
1884 AD7MBrazil
97%
1960 AD72MBrazil
97%
1960 AD27MEgypt
97%
1884 AD5MEgypt
97%
1500 AD5MEgypt
97%
1936 AD12MEgypt
97%
1960 AD30MSpain
97%
1776 AD9MSpain
97%
1936 AD18MSpain
97%
1800 AD11MSpain
97%
1884 AD14MSpain
97%
1206 AD5MSpain
97%
1300 AD7MSpain
97%
1500 AD6MSpain
97%
1960 AD13MCanada
96%
1500 AD6MTurkey
96%
1936 AD13MTurkey
96%
1206 AD6MTurkey
96%
1300 AD6MTurkey
96%
1000 AD7MTurkey
96%
750 AD7MTurkey
96%
500 AD8MTurkey
96%
1800 AD7MTurkey
96%
100 AD8MTurkey
96%
1960 AD28MTurkey
96%
1 AD8MTurkey
96%
1776 AD7MTurkey
96%
1884 AD8MTurkey
96%
1158 AD7MTurkey
96%
1800 AD5MIran
95%
1884 AD5MIran
95%
1206 AD5MIran
95%
1300 AD5MIran
95%
1936 AD9MIran
95%
1936 AD9MIran
95%
750 AD5MIran
95%
1960 AD21MIran
95%
1936 AD20MPoland
95%
1800 AD8MPoland
95%
1960 AD30MPoland
95%
1884 AD14MPoland
95%
1776 AD8MPoland
95%
1960 AD20MArgentina
94%
1206 AD6MPakistan
94%
1936 AD17MPakistan
94%
1960 AD44MPakistan
94%
1884 AD10MPakistan
94%
1776 AD10MPakistan
94%
1158 AD5MPakistan
94%
1300 AD6MPakistan
94%
1500 AD7MPakistan
94%
1800 AD10MPakistan
94%
1960 AD6MPeru
94%
1300 AD5MPeru
94%
1500 AD7MPeru
94%
1800 AD9M
Ukraine
93%
1158 AD6MIndonesia
93%
1206 AD7MIndonesia
93%
1936 AD47MIndonesia
93%
1500 AD10MIndonesia
93%
1000 AD5MIndonesia
93%
1776 AD15MIndonesia
93%
1960 AD88MIndonesia
93%
1300 AD8MIndonesia
93%
1800 AD16MIndonesia
93%
1884 AD23MIndonesia
93%
1000 AD6MJapan
93%
1158 AD7MJapan
93%
750 AD6MJapan
93%
1960 AD93MJapan
93%
1206 AD8MJapan
93%
1936 AD68MJapan
93%
1776 AD24MJapan
93%
1800 AD29MJapan
93%
1300 AD9MJapan
93%
1500 AD14MJapan
93%
1884 AD41MJapan
93%
1936 AD18MUkraine
93%
1776 AD9MUkraine
93%
1960 AD42MUkraine
93%
1884 AD15MUkraine
93%
1936 AD11MDemocratic Republic of the Congo
92%
1960 AD15MDemocratic Republic of the Congo
92%
1500 AD6MDemocratic Republic of the Congo
92%
1884 AD9MDemocratic Republic of the Congo
92%
1776 AD7MDemocratic Republic of the Congo
92%
1800 AD7MDemocratic Republic of the Congo
92%
1960 AD15MSouth Africa
92%
1884 AD5MSouth Africa
92%
1960 AD11MAlgeria
91%
1960 AD10MAustralia
91%
1960 AD16MColombia
91%
1960 AD6MIraq
91%
1936 AD7MThailand
91%
1960 AD27MThailand
91%
1960 AD6MChile
90%
1936 AD5MGreece
90%
1960 AD8MGreece
90%
1500 AD7MNigeria
90%
1936 AD17MNigeria
90%
1884 AD12MNigeria
90%
1960 AD45MNigeria
90%
1800 AD13MNigeria
90%
1776 AD11MNigeria
90%
1206 AD5MNigeria
90%
1300 AD6MNigeria
90%
1936 AD12MVietnam
90%
1800 AD5MVietnam
90%
1884 AD6MVietnam
90%
1960 AD32MVietnam
90%
1960 AD5MSaudi Arabia
89%
1936 AD5MPortugal
88%
1960 AD9MPortugal
88%
1936 AD5MSweden
87%
1960 AD9MSweden
87%
1936 AD10MSouth Korea
86%
1960 AD25MSouth Korea
86%
1884 AD10MSouth Korea
86%
1776 AD6MSouth Korea
86%
1960 AD6MVenezuela
86%
1884 AD18MEthiopia
85%
1936 AD18MEthiopia
85%
1960 AD22MEthiopia
85%
1884 AD7MRomania
85%
1960 AD18MRomania
85%
1936 AD11MRomania
85%
1960 AD8MSudan
85%
1884 AD5MSudan
85%
1936 AD8MSudan
85%
1884 AD5MMyanmar
84%
1936 AD10MMyanmar
84%
1960 AD21MMyanmar
84%
1960 AD12MMorocco
82%
1960 AD8MAfghanistan
80%
1936 AD5MAfghanistan
80%
1884 AD5MAustria
78%
1936 AD7MAustria
78%
1800 AD5MAustria
78%
1960 AD7MAustria
78%
1800 AD19MBangladesh
78%
1960 AD49MBangladesh
78%
1500 AD14MBangladesh
78%
1300 AD14MBangladesh
78%
1206 AD14MBangladesh
78%
1158 AD10MBangladesh
78%
1000 AD9MBangladesh
78%
750 AD5MBangladesh
78%
1884 AD25MBangladesh
78%
1936 AD30MBangladesh
78%
1776 AD18MBangladesh
78%
1960 AD27MPhilippines
78%
1936 AD7MPhilippines
78%
1960 AD10MNetherlands
77%
1936 AD5MNetherlands
77%
1960 AD8MMalaysia
76%
1960 AD11MNorth Korea
76%
1936 AD5MNorth Korea
76%
1960 AD10MKazakhstan
75%
1936 AD5MKenya
74%
1960 AD9MKenya
74%
1960 AD10MHungary
73%
1800 AD6MHungary
73%
1936 AD7MHungary
73%
1884 AD6MHungary
73%
1936 AD5MBulgaria
72%
1960 AD7MBulgaria
72%
1960 AD11MTanzania
72%
1936 AD6MTanzania
72%
1884 AD5MTanzania
72%
1936 AD8MBelgium
71%
1960 AD9MBelgium
71%
1884 AD5MBelgium
71%
1960 AD5MCambodia
67%
1960 AD10MCzech Republic
67%
1936 AD8MCzech Republic
67%
1884 AD6MCzech Republic
67%
1776 AD5MCzech Republic
67%
1800 AD5MCzech Republic
67%
1936 AD6MSerbia
66%
1884 AD5MSerbia
66%
1960 AD7MSerbia
66%
1960 AD5MEcuador
61%
1960 AD7MYemen
59%
1884 AD6MNepal
57%
1936 AD7MNepal
57%
1960 AD7MGhana
55%
1960 AD5MTunisia
55%
1960 AD6MIsrael
52%
1960 AD7MMozambique
51%
1960 AD6MCroatia
49%
1936 AD5MCroatia
49%
1960 AD6MUzbekistan
49%
1960 AD5MGuatemala
48%
1936 AD5MSlovakia
46%
1960 AD10MTaiwan
44%
1960 AD6MCameroon
42%
1960 AD7MUganda
42%
1960 AD5MMadagascar
40%
1960 AD5MZimbabwe
36%
1960 AD5MAzerbaijan
20%
1960 AD5MBurkina Faso
11%

Score Distribution

Percentile by Number Answered

Percent of People with Each Score

Your Score History

You have not taken this quiz